Bí mật của hạnh phúc : 100 bí mật của những người hạnh phúc = The 100 simple secrets of happy people
Hãy nhớ rằng, hạnh phúc luôn còn ở phía trước, và bạn vẫn chưa trải qua những gì đẹp nhất của cuộc đời!
保存先:
| 第一著者: | |
|---|---|
| フォーマット: | 図書 |
| 言語: | Undetermined |
| 出版事項: |
Thành phố Hồ Chí Minh
Trẻ
2005
|
| 主題: | |
| タグ: |
タグ追加
タグなし, このレコードへの初めてのタグを付けませんか!
|
| Thư viện lưu trữ: | Trung tâm Học liệu Trường Đại học Cần Thơ |
|---|
| LEADER | 00895nam a2200217Ia 4500 | ||
|---|---|---|---|
| 001 | CTU_91063 | ||
| 008 | 210402s9999 xx 000 0 und d | ||
| 020 | |c 24000 | ||
| 082 | |a 152.42 | ||
| 082 | |b N734 | ||
| 100 | |a Niven, David | ||
| 245 | 0 | |a Bí mật của hạnh phúc : | |
| 245 | 0 | |b 100 bí mật của những người hạnh phúc = The 100 simple secrets of happy people | |
| 245 | 0 | |c David Niven ; Biên dịch: Nguyễn Văn Phước, Tâm Hằng, Phương Anh | |
| 260 | |a Thành phố Hồ Chí Minh | ||
| 260 | |b Trẻ | ||
| 260 | |c 2005 | ||
| 520 | |a Hãy nhớ rằng, hạnh phúc luôn còn ở phía trước, và bạn vẫn chưa trải qua những gì đẹp nhất của cuộc đời! | ||
| 650 | |a Emotions; mental health | ||
| 904 | |i Trúc | ||
| 980 | |a Trung tâm Học liệu Trường Đại học Cần Thơ | ||